Протоколы №№ 1-2 Объединенных Заседаний Оргкомиссии по созыву 3-го Всесоюзного и XII-го Всероссийского Съездов Советов

RUSMARC
00005330cbc2a2200313#x 450
00142059772-f647-4d10-94e6-594ae2bbd830
00520240125113245.0
100##$a20201215l19251925k y0rusy50 ca
1010#$arus
102##$aRU
105##$ay z |||||
1220#$ad1925######
2001#$aПротоколы №№ 1-2 Объединенных Заседаний Оргкомиссии по созыву 3-го Всесоюзного и XII-го Всероссийского Съездов Советов
$j1925
215##$a41 лист
251##$cДело
300##$aЗаголовок дела на папке: Протоколы №№ 1-2 Объединенных Заседаний Оргкомиссии по созыву 3-го Всесоюзного и XII-го Всероссийского Съездов Советов. 1925 г.
300##$aМашинописный и рукописный текст
324##$aВ деле имеются копии отдельных документов
330##$aВходит в раздел описи: 3-й Съезд Советов
461#0$1001796d4672-8a00-4986-b488-6e42273792cc
$12001
$aЦЕНТРАЛЬНЫЙ ИСПОЛНИТЕЛЬНЫЙ КОМИТЕТ СССР (ЦИК СССР)
$1251
$cФонд
$1852
$gР
$j3316
462#0$1001223cd9f1-129f-4399-9e60-ba682fc263d8
$12001
$aДела 3-го Съезда Советов и 1-й, 2-й, 3-й Сессий ЦИК СССР 3-го созыва. 1925-й год - 1927 г.
$vД. 93
$1251
$cОпись
$1852
$j3
5171#$aПротоколы №№ 1-2 Объединенных Заседаний Оргкомиссии по созыву 3-го Всесоюзного и XII-го Всероссийского Съездов Советов. 1925 г.
801#0$aRU
$bGA_RF
801#1$aRU
$bГлавНИВЦ
$c20201215
$2rusmarc
801#2$aRU
$bПБ им. Б.Н. Ельцина
$c20210203
$gRCR
$2rusmarc
852##$aГА РФ
$j93
937##$d156190112
$hГАРФ
035##$aRuPRLIB51059435
856##$uhttp://readingroom.main.prlib.ru/item.aspx?id_node=n156190112&mode=full
850##$aГосударственный архив Российской Федерации
60101$2prlib_sh
$3LIBNET\UAF\0000110472
$aСССР
$bСъезд Советов
$d3
$f1925
$jАрхивные дела
60101$2prlib_sh
$3LIBNET\UAF\0000110473
$aРСФСР
$bСъезд Советов
$c12
$jАрхивные дела
605##$2acquisition_Prlib
$3LIBNET\UAF\0000026627
$aКонституция – Основной Закон
$lколлекция
605##$aВласть
$lколлекция
$2acquisition_Prlib
$3DITM\AF\0000002775
686##$2rubbk
$a63.3(2)613-3ю11
$vLBC/M
Формат отображения